| 000 | 00421cam a22001217a 4500 | ||
|---|---|---|---|
| 008 | 180718b2001 xxu||||| |||| 00| 0 eng d | ||
| 100 | _aBroadman, Harry G. | ||
| 245 |
_aWhere has all the foreign investment gone in Russia? _cby Harry G. Broadman and Francesca Recanatini |
||
| 260 |
_aWashington, D.C. _bWorld Bank _c2001 |
||
| 300 | _a26p. | ||
| 440 | _aPolicy research working paper 2640 | ||
| 700 | _aRecanatini, Francesca | ||
| 999 |
_c286868 _d286868 |
||